<?xml version="1.0" encoding="UTF-8"?>
<record
    xmlns:xsi="http://www.w3.org/2001/XMLSchema-instance"
    xsi:schemaLocation="http://www.loc.gov/MARC21/slim http://www.loc.gov/standards/marcxml/schema/MARC21slim.xsd"
    xmlns="http://www.loc.gov/MARC21/slim">

  <leader>02869cam a2200397 a 4500</leader>
  <controlfield tag="005">20031230185550.0</controlfield>
  <controlfield tag="008">940308s1993    enkab    b    001 0 eng  </controlfield>
  <datafield tag="010" ind1=" " ind2=" ">
    <subfield code="a">ENG-101621</subfield>
  </datafield>
  <datafield tag="020" ind1=" " ind2=" ">
    <subfield code="c">415.00</subfield>
    <subfield code="a">9788178129785</subfield>
  </datafield>
  <datafield tag="035" ind1=" " ind2=" ">
    <subfield code="a">EN-85152</subfield>
  </datafield>
  <datafield tag="035" ind1=" " ind2=" ">
    <subfield code="a">B-423357-366</subfield>
  </datafield>
  <datafield tag="037" ind1=" " ind2=" ">
    <subfield code="b">DBAD/PUB</subfield>
  </datafield>
  <datafield tag="040" ind1=" " ind2=" ">
    <subfield code="a">dpl</subfield>
    <subfield code="b">Eng</subfield>
  </datafield>
  <datafield tag="082" ind1=" " ind2=" ">
    <subfield code="a">000</subfield>
  </datafield>
  <datafield tag="100" ind1="1" ind2=" ">
    <subfield code="9">22405</subfield>
    <subfield code="a">Surendra Kumar</subfield>
  </datafield>
  <datafield tag="245" ind1="1" ind2="0">
    <subfield code="a">R. Gupta's popular master guide joint CSIR-UGC NET junior research fellowship and eligibility for lecturarship earth, atmospheric ocean and planetary sciences paper I and II / </subfield>
    <subfield code="c">by Surendra Kumar</subfield>
  </datafield>
  <datafield tag="260" ind1=" " ind2=" ">
    <subfield code="a">New Delhi</subfield>
    <subfield code="b">Ramesh Publishing House</subfield>
    <subfield code="c">2011</subfield>
  </datafield>
  <datafield tag="270" ind1=" " ind2=" ">
    <subfield code="a">12-H, New Daryaganj Road, Opp. Traffic Kotwali</subfield>
    <subfield code="b">New Delhi</subfield>
    <subfield code="e">110002</subfield>
  </datafield>
  <datafield tag="300" ind1=" " ind2=" ">
    <subfield code="a">472p.</subfield>
    <subfield code="c">24cm (pbk)</subfield>
  </datafield>
  <datafield tag="650" ind1=" " ind2="0">
    <subfield code="9">22448</subfield>
  </datafield>
  <datafield tag="651" ind1=" " ind2=" ">
    <subfield code="9">22481</subfield>
  </datafield>
  <datafield tag="700" ind1=" " ind2=" ">
    <subfield code="9">22431</subfield>
  </datafield>
  <datafield tag="942" ind1=" " ind2=" ">
    <subfield code="2">ddc</subfield>
    <subfield code="c">EN</subfield>
    <subfield code="m">SUR</subfield>
    <subfield code="h">000</subfield>
  </datafield>
  <datafield tag="999" ind1=" " ind2=" ">
    <subfield code="c">48193</subfield>
    <subfield code="d">48193</subfield>
  </datafield>
  <datafield tag="952" ind1=" " ind2=" ">
    <subfield code="0">0</subfield>
    <subfield code="1">0</subfield>
    <subfield code="2">ddc</subfield>
    <subfield code="4">0</subfield>
    <subfield code="7">1</subfield>
    <subfield code="8">NFIC</subfield>
    <subfield code="a">DBAD</subfield>
    <subfield code="b">DBAD</subfield>
    <subfield code="d">2010-10-05</subfield>
    <subfield code="e">DBAD/PUB</subfield>
    <subfield code="g">415.00</subfield>
    <subfield code="l">0</subfield>
    <subfield code="o">000 SUR</subfield>
    <subfield code="p">EN-85154</subfield>
    <subfield code="r">2010-10-05 00:00:00</subfield>
    <subfield code="t">1</subfield>
    <subfield code="v">415.00</subfield>
    <subfield code="w">2010-10-05</subfield>
    <subfield code="y">EN</subfield>
  </datafield>
  <datafield tag="952" ind1=" " ind2=" ">
    <subfield code="0">0</subfield>
    <subfield code="1">0</subfield>
    <subfield code="2">ddc</subfield>
    <subfield code="4">0</subfield>
    <subfield code="7">0</subfield>
    <subfield code="8">NFIC</subfield>
    <subfield code="a">L</subfield>
    <subfield code="b">L</subfield>
    <subfield code="d">2011-08-01</subfield>
    <subfield code="e">DE/2010/CR/0002704/11.3.11/280/4.3.11/17.3.11/23.3.11</subfield>
    <subfield code="g">415.00</subfield>
    <subfield code="l">4</subfield>
    <subfield code="m">6</subfield>
    <subfield code="o">000 SUR</subfield>
    <subfield code="p">B-423357</subfield>
    <subfield code="r">2020-09-30 00:00:00</subfield>
    <subfield code="s">2020-09-16</subfield>
    <subfield code="t">1</subfield>
    <subfield code="v">415.00</subfield>
    <subfield code="w">2011-08-01</subfield>
    <subfield code="y">EN</subfield>
  </datafield>
  <datafield tag="952" ind1=" " ind2=" ">
    <subfield code="0">1</subfield>
    <subfield code="1">0</subfield>
    <subfield code="2">ddc</subfield>
    <subfield code="4">0</subfield>
    <subfield code="7">0</subfield>
    <subfield code="8">NFIC</subfield>
    <subfield code="a">BL1</subfield>
    <subfield code="b">BL1</subfield>
    <subfield code="d">2011-08-01</subfield>
    <subfield code="e">DE/2010/CR/0002704/11.3.11/280/4.3.11/17.3.11/23.3.11</subfield>
    <subfield code="g">415.00</subfield>
    <subfield code="l">0</subfield>
    <subfield code="o">000 SUR</subfield>
    <subfield code="p">B-423358</subfield>
    <subfield code="r">2011-08-01 00:00:00</subfield>
    <subfield code="t">1</subfield>
    <subfield code="v">415.00</subfield>
    <subfield code="w">2011-08-01</subfield>
    <subfield code="y">EN</subfield>
  </datafield>
  <datafield tag="952" ind1=" " ind2=" ">
    <subfield code="0">0</subfield>
    <subfield code="1">0</subfield>
    <subfield code="2">ddc</subfield>
    <subfield code="4">0</subfield>
    <subfield code="7">0</subfield>
    <subfield code="8">NFIC</subfield>
    <subfield code="a">KGM</subfield>
    <subfield code="b">KGM</subfield>
    <subfield code="d">2011-08-01</subfield>
    <subfield code="e">DE/2010/CR/0002704/11.3.11/280/4.3.11/17.3.11/23.3.11</subfield>
    <subfield code="g">415.00</subfield>
    <subfield code="l">0</subfield>
    <subfield code="o">000 SUR</subfield>
    <subfield code="p">B-423359</subfield>
    <subfield code="r">2011-08-01 00:00:00</subfield>
    <subfield code="t">1</subfield>
    <subfield code="v">415.00</subfield>
    <subfield code="w">2011-08-01</subfield>
    <subfield code="y">EN</subfield>
  </datafield>
  <datafield tag="952" ind1=" " ind2=" ">
    <subfield code="0">0</subfield>
    <subfield code="1">0</subfield>
    <subfield code="2">ddc</subfield>
    <subfield code="4">0</subfield>
    <subfield code="7">0</subfield>
    <subfield code="8">NFIC</subfield>
    <subfield code="a">PR</subfield>
    <subfield code="b">PR</subfield>
    <subfield code="d">2011-08-01</subfield>
    <subfield code="e">DE/2010/CR/0002704/11.3.11/280/4.3.11/17.3.11/23.3.11</subfield>
    <subfield code="g">415.00</subfield>
    <subfield code="l">0</subfield>
    <subfield code="o">000 SUR</subfield>
    <subfield code="p">B-423360</subfield>
    <subfield code="r">2011-08-01 00:00:00</subfield>
    <subfield code="t">1</subfield>
    <subfield code="v">415.00</subfield>
    <subfield code="w">2011-08-01</subfield>
    <subfield code="y">EN</subfield>
  </datafield>
  <datafield tag="952" ind1=" " ind2=" ">
    <subfield code="0">0</subfield>
    <subfield code="1">0</subfield>
    <subfield code="2">ddc</subfield>
    <subfield code="4">0</subfield>
    <subfield code="7">0</subfield>
    <subfield code="8">NFIC</subfield>
    <subfield code="a">JP</subfield>
    <subfield code="b">JP</subfield>
    <subfield code="d">2011-08-01</subfield>
    <subfield code="e">DE/2010/CR/0002704/11.3.11/280/4.3.11/17.3.11/23.3.11</subfield>
    <subfield code="g">415.00</subfield>
    <subfield code="l">6</subfield>
    <subfield code="m">2</subfield>
    <subfield code="o">000 SUR</subfield>
    <subfield code="p">B-423361</subfield>
    <subfield code="r">2017-09-09 00:00:00</subfield>
    <subfield code="s">2017-09-05</subfield>
    <subfield code="t">1</subfield>
    <subfield code="v">415.00</subfield>
    <subfield code="w">2011-08-01</subfield>
    <subfield code="y">EN</subfield>
  </datafield>
  <datafield tag="952" ind1=" " ind2=" ">
    <subfield code="0">0</subfield>
    <subfield code="1">0</subfield>
    <subfield code="2">ddc</subfield>
    <subfield code="4">0</subfield>
    <subfield code="7">0</subfield>
    <subfield code="8">NFIC</subfield>
    <subfield code="a">ZLS</subfield>
    <subfield code="b">ZLS</subfield>
    <subfield code="d">2011-08-01</subfield>
    <subfield code="e">DE/2010/CR/0002704/11.3.11/280/4.3.11/17.3.11/23.3.11</subfield>
    <subfield code="g">415.00</subfield>
    <subfield code="l">0</subfield>
    <subfield code="o">000 SUR</subfield>
    <subfield code="p">B-423362</subfield>
    <subfield code="r">2011-08-01 00:00:00</subfield>
    <subfield code="t">1</subfield>
    <subfield code="v">415.00</subfield>
    <subfield code="w">2011-08-01</subfield>
    <subfield code="y">EN</subfield>
  </datafield>
  <datafield tag="952" ind1=" " ind2=" ">
    <subfield code="0">0</subfield>
    <subfield code="1">0</subfield>
    <subfield code="2">ddc</subfield>
    <subfield code="4">0</subfield>
    <subfield code="7">0</subfield>
    <subfield code="8">NFIC</subfield>
    <subfield code="a">RKP</subfield>
    <subfield code="b">RKP</subfield>
    <subfield code="d">2011-08-01</subfield>
    <subfield code="e">DE/2010/CR/0002704/11.3.11/280/4.3.11/17.3.11/23.3.11</subfield>
    <subfield code="g">415.00</subfield>
    <subfield code="l">0</subfield>
    <subfield code="o">000 SUR</subfield>
    <subfield code="p">B-423363</subfield>
    <subfield code="r">2011-08-01 00:00:00</subfield>
    <subfield code="t">1</subfield>
    <subfield code="v">415.00</subfield>
    <subfield code="w">2011-08-01</subfield>
    <subfield code="y">EN</subfield>
  </datafield>
  <datafield tag="952" ind1=" " ind2=" ">
    <subfield code="0">0</subfield>
    <subfield code="1">0</subfield>
    <subfield code="2">ddc</subfield>
    <subfield code="4">0</subfield>
    <subfield code="7">0</subfield>
    <subfield code="8">NFIC</subfield>
    <subfield code="a">VP</subfield>
    <subfield code="b">VP</subfield>
    <subfield code="d">2011-08-01</subfield>
    <subfield code="e">DE/2010/CR/0002704/11.3.11/280/4.3.11/17.3.11/23.3.11</subfield>
    <subfield code="g">415.00</subfield>
    <subfield code="l">1</subfield>
    <subfield code="m">2</subfield>
    <subfield code="o">000 SUR</subfield>
    <subfield code="p">B-423364</subfield>
    <subfield code="r">2012-11-05 00:00:00</subfield>
    <subfield code="s">2012-09-18</subfield>
    <subfield code="t">1</subfield>
    <subfield code="v">415.00</subfield>
    <subfield code="w">2011-08-01</subfield>
    <subfield code="y">EN</subfield>
  </datafield>
  <datafield tag="952" ind1=" " ind2=" ">
    <subfield code="0">0</subfield>
    <subfield code="1">0</subfield>
    <subfield code="2">ddc</subfield>
    <subfield code="4">0</subfield>
    <subfield code="7">0</subfield>
    <subfield code="8">NFIC</subfield>
    <subfield code="a">BL3</subfield>
    <subfield code="b">BL3</subfield>
    <subfield code="d">2011-08-01</subfield>
    <subfield code="e">DE/2010/CR/0002704/11.3.11/280/4.3.11/17.3.11/23.3.11</subfield>
    <subfield code="g">415.00</subfield>
    <subfield code="l">0</subfield>
    <subfield code="o">000 SUR</subfield>
    <subfield code="p">B-423365</subfield>
    <subfield code="r">2011-08-01 00:00:00</subfield>
    <subfield code="t">1</subfield>
    <subfield code="v">415.00</subfield>
    <subfield code="w">2011-08-01</subfield>
    <subfield code="y">EN</subfield>
  </datafield>
  <datafield tag="952" ind1=" " ind2=" ">
    <subfield code="0">0</subfield>
    <subfield code="1">5</subfield>
    <subfield code="2">ddc</subfield>
    <subfield code="4">0</subfield>
    <subfield code="7">0</subfield>
    <subfield code="8">NFIC</subfield>
    <subfield code="a">BL4</subfield>
    <subfield code="b">BL4</subfield>
    <subfield code="d">2011-08-01</subfield>
    <subfield code="e">DE/2010/CR/0002704/11.3.11/280/4.3.11/17.3.11/23.3.11</subfield>
    <subfield code="g">415.00</subfield>
    <subfield code="l">0</subfield>
    <subfield code="o">000 SUR</subfield>
    <subfield code="p">B-423366</subfield>
    <subfield code="r">2011-08-01 00:00:00</subfield>
    <subfield code="t">1</subfield>
    <subfield code="v">415.00</subfield>
    <subfield code="y">EN</subfield>
  </datafield>
</record>
